000 00253nam a22000977a 4500
008 221031b |||||||| |||| 00| 0 eng d
020 _a9788172344566
100 _aFITZGERALD SCOTT
_97601
245 _aTHE GREAT GATSBY
260 _aINDIA
_bPRAKASH BOOKS
_c2022
999 _c12109
_d12109